000
00339nam a2200157Ia 4500
008
210210b xxu||||| |||| 00| 0 eng d
041
_a
eng
082
_a
444/311
100
_a
BERANGER
245
_a
Select songs
260
_a
London
_b
Blackie & Son Ltd.
_c
650
_a
songs
650
_a
Select
690
_a
French
906
_a
006506
999
_c
129495
_d
129495